| 000 | 02404cam a2200301 a 4500 | ||
|---|---|---|---|
| 001 | 15962122 | ||
| 005 | 20170105102845.0 | ||
| 008 | 091027s2011 enka b 001 0 eng | ||
| 010 | _a 2009045390 | ||
| 020 | _a9781845537401 (hb) | ||
| 020 | _a9781845537418 (pbk.) | ||
| 040 |
_aDLC _cDLC |
||
| 050 | 0 | 0 |
_aBL51 _b.P28 2011 |
| 082 | 0 | 0 |
_a200.19 _222 |
| 245 | 0 | 0 |
_aPast minds : _bstudies in cognitive historiography / _cedited by Luther H. Martin and Jesper Sørensen. |
| 260 |
_aLondon ; _aOakville, CT : _bEquinox Pub. Ltd., _c2011. |
||
| 300 |
_axiii, 206 p. : _bill. ; _c26 cm. |
||
| 490 | 0 | _aReligion, cognition, and culture | |
| 504 | _aIncludes bibliographical references and index. | ||
| 505 | 0 | _aPreface / Luther H. Martin, Jesper Sorensen -- Introduction -- Past minds : evolution, cognition and history / Luther H. Martin -- Cognitive history and cultural epidemiology / Christophe Heintz, Konrad Lorenz -- Minds and ancient civilizations -- Technology and past minds : the case of Jewish niche construction / Gabriel Levy -- Illuminatory of the wide earth, strong weapon of the gods, unbribable judge : intuitive ontologies and the use of divine epithets in Assyro-Bablylonian texts / Peter Westh -- Cultural stability and the ideal landscape : the symbolism of trees and plants in Maya culture / Christian Prager -- No time to philosophize : Norwegian oral tradition and the cognitive economics of belief / Dirk Johannsen -- Roman minds -- Prisons of the longue dure : the circulation and acceptance of prodigia in Roman antiquity / Anders Lisdorf -- What might cognitive science contribute to our understanding of the roman cult of mithras? / Alef Chalupa -- Do the multiple initiations of Lucius in Apuleius' metamorphoses falsify the ritual form hypothesis? / Douglass Gragg -- Religion explained : Lucian and the cognitive study of religion / Ulrich Berner -- Magic and mind in early Christianity / Istvan Czachesz -- Conclusion -- Beneath the surface of history / Donald Wiebe -- Past minds : present historiography and cognitive science / Jesper Sorensen. | |
| 650 | 0 | _aReligion. | |
| 650 | 0 | _aCognition and culture. | |
| 700 | 1 |
_aMartin, Luther H., _d1937- |
|
| 700 | 1 |
_aSørensen, Jesper, _d1968- |
|
| 906 |
_a7 _bcbc _corignew _d1 _eecip _f20 _gy-gencatlg |
||
| 942 |
_2ddc _cBK |
||
| 999 |
_c14039 _d14039 |
||